Normal view
MARC view
Entry Personal Name
001 - CONTROL NUMBER
- control field: 40531
003 - CONTROL NUMBER IDENTIFIER
- control field: dpl
005 - DATE AND TIME OF LATEST TRANSACTION
- control field: 20120201130644.0
008 - FIXED-LENGTH DATA ELEMENTS
- fixed length control field: 120201|||a|||||| | ||| d
040 ## - CATALOGING SOURCE
- Original cataloging agency: dpl
- Transcribing agency: dpl
100 ## - HEADING--PERSONAL NAME
- Personal name: विवेकी राय
670 ## - SOURCE DATA FOUND
- Source citation: Work cat.: (dpl)61752: विवेकी राय, मेरे सुहृद्-श्रद्धेय /, 2005
670 ## - SOURCE DATA FOUND
- Source citation: Work cat.: (dpl)61752: विवेकी राय, मेरे सुहृद्-श्रद्धेय /, 2005
